Jazz : [the story of America´s music] /
Uložené v:
| Hlavný autor: | |
|---|---|
| Médium: | Kniha |
| Jazyk: | English |
| Vydané: |
New York :
The Verve Music Group Inc.,
2000
|
| Vydanie: | [1st ed.] |
| Témy: | |
| ISBN: |
(brož.) |
| Fyzický popis: |
44 s. : fotogr. ; 22 cm + CDH 879, 880, 881, 882, 883 |
| Tagy: |
Pridať tag
Žiadne tagy, Buďte prvý kto otaguje tento záznam!
|
Titul je dostupný aj v ... 

MARC
| LEADER | 00000nam a2200000 a 4500 | ||
|---|---|---|---|
| 001 | 000020522 | ||
| 005 | 20060602080644.0 | ||
| 008 | 060310s2000 xxua e 000 0 engo | ||
| 020 | |a (brož.) | ||
| 040 | |a SVKKK |b slo |c SVKKK |e AACR2 | ||
| 041 | 0 | |a eng | |
| 044 | |a xxu |c US | ||
| 072 | 7 | |a 784 |x Vokálna hudba |2 konspekt | |
| 080 | |a 78.036.9 |2 1997 | ||
| 080 | |a 785.161 |2 1997 | ||
| 080 | |a (73) |2 1997 | ||
| 080 | |a (036) |2 1997 | ||
| 100 | 1 | |a Burns, Ken, |d 1953- |4 aut | |
| 245 | 1 | 0 | |a Jazz : |b [the story of America´s music] / |c Ken Burns |
| 250 | |a [1st ed.] | ||
| 260 | |a New York : |b The Verve Music Group Inc., |c 2000 | ||
| 300 | |a 44 s. : |b fotogr. ; |c 22 cm + |e CDH 879, 880, 881, 882, 883 | ||
| 500 | |a Obalový názov | ||
| 538 | |a Súčasťou publikácie je elektronická verzia na CD-ROM | ||
| 650 | 0 | 7 | |a jazzová hudba |z Spojené štáty americké |2 SVKKKPH |
| 650 | 0 | 7 | |a jazzoví hudobníci |z Spojené štáty americké |2 SVKKKPH |
| 655 | 7 | |a sprievodca |2 SVKKKPH | |
| 655 | 7 | |a sprievodcovia |2 SVKKKPH | |
| 998 | |a BK | ||
| 090 | |g SCKUS |k Americké centrum |a V.214939 |j 977129 |i 2720029930 |s Voľný výber | ||